| 000 | 00622nam a2200217Ia 4500 | ||
|---|---|---|---|
| 005 | 20250605100112.0 | ||
| 008 | 140110s9999 xx 000 0 und d | ||
| 020 |
_a9788173919787 _cRs 1195 |
||
| 040 | _aLoreto College | ||
| 041 | _aEnglish | ||
| 082 |
_a370.15 _bPRA |
||
| 100 | _aPrakash, Prem | ||
| 245 |
_aPsychological foundations of education _cDr.Prem Prakash |
||
| 260 |
_aNew Delhi _bKanishka Publishers, Distributors _c2007 |
||
| 300 | _axvi,600p | ||
| 504 | _aIncludes bibliographical references and index | ||
| 650 | _aEducational Psychology | ||
| 651 | _aEducation | ||
| 850 | _aLCLIB | ||
| 942 | _cBK | ||
| 999 |
_c18915 _d69394 |
||